Information Technology and Computational Physics (Запис № 445159)

МАРК-запис
000 -LEADER
fixed length control field 03882nam a22006135i 4500
001 - CONTROL NUMBER
control field 978-3-319-44260-0
003 - CONTROL NUMBER IDENTIFIER
control field DE-He213
005 - DATE AND TIME OF LATEST TRANSACTION
control field 20210118121449.0
007 - PHYSICAL DESCRIPTION FIXED FIELD--GENERAL INFORMATION
fixed length control field cr nn 008mamaa
008 - FIXED-LENGTH DATA ELEMENTS--GENERAL INFORMATION
fixed length control field 170531s2017 gw | s |||| 0|eng d
020 ## - INTERNATIONAL STANDARD BOOK NUMBER
International Standard Book Number 9783319442600
-- 978-3-319-44260-0
024 7# - OTHER STANDARD IDENTIFIER
Standard number or code 10.1007/978-3-319-44260-0
Source of number or code doi
050 #4 - LIBRARY OF CONGRESS CALL NUMBER
Classification number Q342
072 #7 - SUBJECT CATEGORY CODE
Subject category code UYQ
Source bicssc
072 #7 - SUBJECT CATEGORY CODE
Subject category code TEC009000
Source bisacsh
072 #7 - SUBJECT CATEGORY CODE
Subject category code UYQ
Source thema
082 04 - DEWEY DECIMAL CLASSIFICATION NUMBER
Classification number 006.3
Edition number 23
245 10 - TITLE STATEMENT
Title Information Technology and Computational Physics
Medium [electronic resource] /
Statement of responsibility, etc edited by Piotr Kulczycki, László T. Kóczy, Radko Mesiar, Janusz Kacprzyk.
250 ## - EDITION STATEMENT
Edition statement 1st ed. 2017.
264 #1 -
-- Cham :
-- Springer International Publishing :
-- Imprint: Springer,
-- 2017.
300 ## - PHYSICAL DESCRIPTION
Extent VIII, 255 p. 102 illus., 65 illus. in color.
Other physical details online resource.
336 ## -
-- text
-- txt
-- rdacontent
337 ## -
-- computer
-- c
-- rdamedia
338 ## -
-- online resource
-- cr
-- rdacarrier
347 ## -
-- text file
-- PDF
-- rda
490 1# - SERIES STATEMENT
Series statement Advances in Intelligent Systems and Computing,
Міжнародний стандартний серійний номер для назви серії (ISSN) 2194-5357 ;
Том/ позначення послідовності 462
505 0# - FORMATTED CONTENTS NOTE
Formatted contents note Part I: Intelligent Computing and Data Analysis -- Part II: Information Systems and Image Processing -- Part III: Computational Physics and Applied Mathematics.
520 ## - SUMMARY, ETC.
Summary, etc A broad spectrum of modern Information Technology (IT) tools, techniques, main developments and still open challenges is presented. Emphasis is on new research directions in various fields of science and technology that are related to data analysis, data mining, knowledge discovery, information retrieval, clustering and classification, decision making and decision support, control, computational mathematics and physics, to name a few. Applications in many relevant fields are presented, notably in telecommunication, social networks, recommender systems, fault detection, robotics, image analysis and recognition, electronics, etc. The methods used by the authors range from high level formal mathematical tools and techniques, through algorithmic and computational tools, to modern metaheuristics.
506 ## - RESTRICTIONS ON ACCESS NOTE
Terms governing access Available to subscribing member institutions only. Доступно лише організаціям членам підписки.
506 ## - RESTRICTIONS ON ACCESS NOTE
Standardized terminology for access restriction Online access from local network of NaUOA.
506 ## - RESTRICTIONS ON ACCESS NOTE
Standardized terminology for access restriction Online access with authorization at https://link.springer.com/
506 ## - RESTRICTIONS ON ACCESS NOTE
Standardized terminology for access restriction Онлайн-доступ з локальної мережі НаУОА.
506 ## - RESTRICTIONS ON ACCESS NOTE
Standardized terminology for access restriction Онлайн доступ з авторизацією на https://link.springer.com/
650 #0 - SUBJECT ADDED ENTRY--TOPICAL TERM
Topical term or geographic name as entry element Computational intelligence.
650 #0 - SUBJECT ADDED ENTRY--TOPICAL TERM
Topical term or geographic name as entry element Artificial intelligence.
650 #0 - SUBJECT ADDED ENTRY--TOPICAL TERM
Topical term or geographic name as entry element Physics.
650 14 - SUBJECT ADDED ENTRY--TOPICAL TERM
Topical term or geographic name as entry element Computational Intelligence.
-- http://scigraph.springernature.com/things/product-market-codes/T11014
650 24 - SUBJECT ADDED ENTRY--TOPICAL TERM
Topical term or geographic name as entry element Artificial Intelligence.
-- http://scigraph.springernature.com/things/product-market-codes/I21000
650 24 - SUBJECT ADDED ENTRY--TOPICAL TERM
Topical term or geographic name as entry element Numerical and Computational Physics, Simulation.
-- http://scigraph.springernature.com/things/product-market-codes/P19021
700 1# - ADDED ENTRY--PERSONAL NAME
Personal name Kulczycki, Piotr.
Relator term editor.
Relator code edt
-- http://id.loc.gov/vocabulary/relators/edt
700 1# - ADDED ENTRY--PERSONAL NAME
Personal name Kóczy, László T.
Relator term editor.
Relator code edt
-- http://id.loc.gov/vocabulary/relators/edt
700 1# - ADDED ENTRY--PERSONAL NAME
Personal name Mesiar, Radko.
Relator term editor.
Relator code edt
-- http://id.loc.gov/vocabulary/relators/edt
700 1# - ADDED ENTRY--PERSONAL NAME
Personal name Kacprzyk, Janusz.
Relator term editor.
Relator code edt
-- http://id.loc.gov/vocabulary/relators/edt
710 2# - ADDED ENTRY--CORPORATE NAME
Corporate name or jurisdiction name as entry element SpringerLink (Online service)
773 0# - HOST ITEM ENTRY
Title Springer eBooks
776 08 - ADDITIONAL PHYSICAL FORM ENTRY
Display text Printed edition:
International Standard Book Number 9783319442594
776 08 - ADDITIONAL PHYSICAL FORM ENTRY
Display text Printed edition:
International Standard Book Number 9783319442617
830 #0 - SERIES ADDED ENTRY--UNIFORM TITLE
Uniform title Advances in Intelligent Systems and Computing,
-- 2194-5357 ;
Volume number/sequential designation 462
856 40 - ELECTRONIC LOCATION AND ACCESS
Uniform Resource Identifier <a href="https://doi.org/10.1007/978-3-319-44260-0">https://doi.org/10.1007/978-3-319-44260-0</a>
912 ## -
-- ZDB-2-ENG
942 ## - ADDED ENTRY ELEMENTS (KOHA)
Koha item type ЕКнига

Немає доступних примірників.